Ricostruisci la Carriera del Calciatore - Juan Cuadrado - Statistics

Statistiche generali
  • Questo quiz è stato fatto 12 volte
    7 dall'ultimo reset
  • Il punteggio medio è 7 su 8
Statistiche sulle risposte
Hint Risposta % Corretto
2008-2009 Independiente Medellín
100%
2009-2011 Udinese
100%
2024- Atalanta
86%
2023-2024 Inter
86%
2011-2012 Lecce
86%
2015 Chelsea
71%
2012-2015 Fiorentina
71%
2015-2023 Juventus
71%
Nessun quiz corrispondente trovato
Distribuzione punteggi
Percentuale di utenti per punteggio
Percentile per numero di risposta
I tuoi punteggi nel tempo
Non hai fatto questo quiz dall'ultimo reset